| 000 | 00792naa a2200205 4500 | ||
|---|---|---|---|
| 001 | 2162214035926007 | ||
| 003 | UA-OsUOA | ||
| 005 | 20250528123944.0 | ||
| 008 | 250528b un ||||| |||| 00| 0 ukr d | ||
| 040 |
_aUA-OsUOA _bukr _cUA-OsUOA _dUA-OsUOA |
||
| 041 | _aukr | ||
| 080 | _a908 | ||
| 090 | _a908 | ||
| 100 |
_aКужей М. _920598 |
||
| 245 |
_aНова костельна архітектура Волині до початку козацьких воєн _cМ. Кужей |
||
| 300 | _aС. 60–75 | ||
| 650 | _2UDC | ||
| 773 | 0 |
_0573184 _9467203 _aМіністерство освіти і науки, молоді та спорту України _dРівне ПП ДМ 2012 _o164888 _tАрхітектурна спадщина Волині _z9786175150863 |
|
| 942 |
_2udc _cBKA |
||
| 999 |
_c578864 _d578864 |
||